| 000 | 00526nam a22001697a 4500 | ||
|---|---|---|---|
| 003 | OSt | ||
| 005 | 20221031201126.0 | ||
| 008 | 221006b |||||||| |||| 00| 0 eng d | ||
| 020 | _a90-73230-06-3 | ||
| 040 | _cBiblioteca Lado V | ||
| 082 |
_a708 _bP715o |
||
| 100 |
_9273 _aPlas, Els van der _ecurador |
||
| 245 |
_aOrientation/ _bThe gate foundation | the cwmwti art foundation stedelijk Museum de Lakenhal/ |
||
| 260 |
_c1995 _aAmsterdam |
||
| 300 |
_a86p. _c17x24cm |
||
| 942 |
_2ddc _c1 _h708 _iP715o _n0 |
||
| 999 |
_c2451 _d2451 |
||